000 00687nam a22002297a 4500
005 20230714161838.0
008 230714b ||||| |||| 00| 0 eng d
020 _a9694690285
040 _cAL
041 _aEnglish
082 _223
_a297.2
_bIQBR
100 _aAllama Muhammad Iqbal
_9127056
245 _aReconstruction of Religious Thought in Islam
260 _aLahore
_bInstitute of Islamic Culture
_c2009
300 _axxiii,249 p.
_bHB
_c22x14 cm.
650 _aIslam
_9127057
650 _aPhilosophy and religion
_9127058
650 _aIslam and philosophy
_9127059
700 _aIQBAL (Allama Muhammad)
_9127060
700 _aSHEIKH (Saeed M)
_9127061
942 _2ddc
_cDB
999 _c227886
_d227886